| 000 | 00979nam a2200301 a 4500 | ||
|---|---|---|---|
| 001 | 000081720 | ||
| 005 | 20200120224619.0 | ||
| 008 | 161124s2012 sp a|||gr|||| 000 ||spa d | ||
| 020 | _a9788415163947 | ||
| 041 | 0 | _a/+spa | |
| 043 | _as-sp--- | ||
| 090 |
_aJH _bBAUEd |
||
| 100 | 1 | _aBaudoin, Edmond | |
| 245 | 1 | 3 |
_aDalí / _cEdmond Baudoin ;traducido por Ana Sánchez Rodríguez. |
| 250 | _a1a. ed. | ||
| 260 |
_aBilbao : _bAstiberri, _c2012. |
||
| 300 |
_a[240] páginas : _bilustraciones. |
||
| 490 | 0 | _aColección Aire libre de Editions Dupois | |
| 504 | _aReferencias bibliográficas | ||
| 650 | 1 | 7 |
_aTiras cómicas, historietas, etc. _2LEMB |
| 650 | 2 | 7 |
_aLiteratura juvenil _2LEMB |
| 650 | 2 | 7 |
_aNovela gráfica _2LEMB |
| 650 | 2 | 7 |
_aArte en la literatuara _2LEMB |
| 650 | 2 | 7 |
_aArtistas en la literatuara _2LEMB |
| 650 | 2 | 7 |
_aPintores en la literatuara _2LEMB |
| 650 | 2 | 7 |
_aSaalvador, Dalí en la literatuara _2LEMB |
| 700 | 1 |
_aSánchez Rodríguez, Ana, _etraductor |
|
| 999 |
_c10131 _d10131 |
||